[Event "DEN-ch Blitz"]
[Site "Snekkersten"]
[Date "2024.09.01"]
[Round "6"]
[White "Ost Hansen, Jacob"]
[Black "Hald Falkesgaard, Jeppe"]
[Result "0-1"]
[WhiteElo "2338"]
[BlackElo "2262"]
[PlyCount "61"]
[EventDate "2024.09.01"]
[EventType "swiss (blitz)"]
[EventRounds "13"]
[EventCountry "DEN"]
[SourceTitle "CBM 221 Extra"]
[Source "ChessBase"]
[SourceDate "2024.09.30"]
[SourceVersion "1"]
[SourceVersionDate "2024.09.30"]
[SourceQuality "1"]

1. g3 d5 2. Nf3 c5 3. Bg2 Nc6 4. 0-0 Nf6 5. d3 g6 6. Nbd2 Bg7 7. e4 0-0 8. Re1 h6 9. c3 Re8 10. e5 Nd7 11. d4 cxd4 12. cxd4 Nf8 13. Nf1 Bg4 14. Be3 Ne6 15. h3 Bxf3 16. Qxf3 Nexd4 17. Qd1 Bxe5 18. Bxh6 Bf6 19. Ne3 e6 20. Ng4 Bg7 21. Bxg7 Kxg7 22. h4 Nf5 23. Rc1 Qb6 24. Qd2 Qd4 25. Qxd4+ Nfxd4 26. a3 Rac8 27. b4 f5 28. Ne3 Ne5 29. Rxc8 Nef3+ 30. Bxf3 Nxf3+ 31. Kf1 0-1

[Event "DEN-ch Blitz"]
[Site "Snekkersten"]
[Date "2024.09.01"]
[Round "10"]
[White "Thybo, Jesper Sondergaard"]
[Black "Hald Falkesgaard, Jeppe"]
[Result "1-0"]
[WhiteElo "2555"]
[BlackElo "2262"]
[PlyCount "123"]
[EventDate "2024.09.01"]
[EventType "swiss (blitz)"]
[EventRounds "13"]
[EventCountry "DEN"]
[SourceTitle "CBM 221 Extra"]
[Source "ChessBase"]
[SourceDate "2024.09.30"]
[SourceVersion "1"]
[SourceVersionDate "2024.09.30"]
[SourceQuality "1"]

1. Nf3 c5 2. c4 g6 3. d4 cxd4 4. Nxd4 Bg7 5. e4 Nc6 6. Be3 Nf6 7. Nc3 0-0 8. Be2 d6 9. 0-0 Bd7 10. h3 a6 11. Nf3 Rc8 12. Rc1 Ne5 13. Nxe5 dxe5 14. b4 Bc6 15. Qc2 b5 16. c5 Qc7 17. a4 Qb7 18. axb5 axb5 19. Bd3 Nh5 20. Qe2 Nf4 21. Bxf4 exf4 22. Rfd1 f5 23. exf5 Bxg2 24. fxg6 Bf3 25. Be4 Bxe4 26. Qxe4 Rc6 27. gxh7+ Kh8 28. Kh1 Qc8 29. Rd3 Rh6 30. Qf3 Rxh7 31. Ne4 Qf5 32. Rg1 Rh4 33. Ng5 e5 34. Qe4 Qxe4+ 35. Nxe4 f3 36. Ng5 Rxb4 37. Rxf3 Rxf3 38. Nxf3 Rb3 39. Ng5 Rc3 40. Ne6 Bf6 41. Rg6 Be7 42. Rg7 Bxc5 43. Rf7 Rxh3+ 44. Kg2 Rh6 45. Nxc5 Rc6 46. Ne4 b4 47. Rb7 Rc4 48. f3 Kg8 49. Kg3 Kf8 50. Kg4 Rd4 51. Rb5 Kf7 52. Rxe5 b3 53. Rb5 Rd3 54. Nc5 Rd5 55. Rb7+ Ke8 56. Nxb3 Rd6 57. f4 Kf8 58. Nc5 Rd5 59. Ne6+ Kg8 60. f5 Rd6 61. Kg5 Rd5 62. Kg6 1-0

[Event "DEN-ch Rapid"]
[Site "Snekkersten"]
[Date "2024.08.31"]
[Round "6"]
[White "Hald Falkesgaard, Jeppe"]
[Black "Jorgensen, Dennis"]
[Result "1-0"]
[WhiteElo "2276"]
[BlackElo "2170"]
[PlyCount "119"]
[EventDate "2024.08.31"]
[EventType "swiss (rapid)"]
[EventRounds "9"]
[EventCountry "DEN"]
[SourceTitle "CBM 221 Extra"]
[Source "ChessBase"]
[SourceDate "2024.09.30"]
[SourceVersion "1"]
[SourceVersionDate "2024.09.30"]
[SourceQuality "1"]

1. c4 Nf6 2. g3 e6 3. Bg2 d5 4. Nf3 Be7 5. 0-0 0-0 6. b3 c5 7. cxd5 Nxd5 8. Bb2 Nc6 9. Nc3 Nxc3 10. Bxc3 Bf6 11. Rc1 e5 12. Bb2 Qd6 13. d3 b6 14. Nxe5 Bxe5 15. Bxe5 Qxe5 16. Bxc6 Rb8 17. Bg2 Bg4 18. Re1 Rfe8 19. Qd2 Rbd8 20. Rc4 Qh5 21. Re4 Rxe4 22. Bxe4 f5 23. Bg2 Qf7 24. Qf4 Qf6 25. Bf3 Bxf3 26. Qxf3 g6 27. Qb7 Qc3 28. Kf1 Qa5 29. Qe7 Rf8 30. Qe6+ Kg7 31. a4 Qc3 32. Qc4 Qf6 33. a5 Rd8 34. axb6 axb6 35. Qa6 Qc6 36. Kg1 h5 37. Qc4 Rd4 38. Qc3 Kh7 39. Ra1 Qe6 40. Ra7+ Rd7 41. Rxd7+ Qxd7 42. Qf6 Qb5 43. Qf7+ Kh6 44. h4 Qb4 45. Kg2 Qd4 46. Qc4 Qd7 47. Qf4+ Kh7 48. Qe5 Qf7 49. Qc3 Qd5+ 50. f3 b5 51. b4 cxb4 52. Qxb4 Qe5 53. Kf2 Kg7 54. d4 Qd5 55. Qe7+ Kg8 56. Qc5 Qb7 57. d5 b4 58. d6 b3 59. Qc7 Qd5 60. d7 1-0